Design of Linear Quadratic Regulator (LQR) Controller for Sepic Converter / (Record no. 601959)
[ view plain ]
| 000 -LEADER | |
|---|---|
| fixed length control field | 00480nam a2200157Ia 4500 |
| 008 - FIXED-LENGTH DATA ELEMENTS--GENERAL INFORMATION | |
| fixed length control field | 230907s9999||||xx |||||||||||||| ||und|| |
| 082 ## - DEWEY DECIMAL CLASSIFICATION NUMBER | |
| Classification number | 621.4 |
| Author Mark | MUN |
| 100 ## - MAIN ENTRY--PERSONAL NAME | |
| Personal name | Munib Ullah (00000206912) |
| 9 (RLIN) | 116586 |
| 245 #0 - TITLE STATEMENT | |
| Title | Design of Linear Quadratic Regulator (LQR) Controller for Sepic Converter / |
| 260 ## - PUBLICATION, DISTRIBUTION, ETC. | |
| Place of publication, distribution, etc. | USPCAS-E, NUST, |
| Name of publisher, distributor, etc. | Islamabad : |
| Date of publication, distribution, etc. | 2021 |
| 300 ## - PHYSICAL DESCRIPTION | |
| Extent | 56 p. |
| 520 ## - SUMMARY, ETC. | |
| Summary, etc. | TH-281 |
| 650 ## - SUBJECT ADDED ENTRY--TOPICAL TERM | |
| Topical term or geographic name entry element | MS-EEP Thesis |
| 9 (RLIN) | 116587 |
| 700 ## - ADDED ENTRY--PERSONAL NAME | |
| Personal name | Dr Abasin Ulasyar |
| 9 (RLIN) | 117719 |
| 942 ## - ADDED ENTRY ELEMENTS (KOHA) | |
| Koha item type | Thesis |
| Source of classification or shelving scheme | |
| Withdrawn status | Lost status | Source of classification or shelving scheme | Damaged status | Not for loan | Permanent Location | Current Location | Date acquired | Full call number | Barcode | Date last seen | Price effective from | Koha item type |
|---|---|---|---|---|---|---|---|---|---|---|---|---|
| US-Pakistan Center for Advanced Studies in Energy (USPCAS-E) | US-Pakistan Center for Advanced Studies in Energy (USPCAS-E) | 09/09/2021 | 621.4 MUN | CAS-ETH0000281 | 09/12/2023 | 09/12/2023 | Thesis |
